000 01095nmc a2200361 a 4500
003 AR-BaBNM
005 20251128210802.0
008 091020s1999 ||||||||||||||000 | spa||
020 _a970-686-050-9
040 _cAR-BaBNM
100 1 _aAnderson, David R.
245 1 0 _aEstadística para administración y economía
_n1
250 _a7ª ed.
260 _aMéxico, D.F.
_bInternational Thomson Editoresa
_c1999
300 1 _axx, 477 p.
_bgráf., tablas
490 0 _aSoluciones empresariales
500 0 _aContiene referencias bibliográficas y apéndices
650 4 _aESTADISTICA
650 4 _aADMINISTRACION
650 4 _aECONOMIA
650 4 _aDATOS ESTADISTICOS
650 4 _aANALISIS ESTADISTICO
650 4 _aTEORIA DE LAS PROBABILIDADES
650 4 _aANALISIS CUANTITATIVO
650 4 _aINDICADORES SOCIOECONOMICOS
650 4 _aMUESTREO DE DATOS
700 1 _aSweeney, Dennis J.
700 1 _aWilliams, Thomas A.
700 1 _aGonzález Pozo, Virgilio
_etraductor
700 1 _aTerán Castellanos, Alejandro
_erevisión
942 _cBK
998 _cRAQUEL
999 _c16893
_d16893